000
00331 a2200157 4500
001
167200
020
_a
040
_c
Magnum
100
_a
Geiling, Katia
240
1
0
_a
Essa tal primeira vez
_l
por
245
1
0
_a
Essa tal primeira vez
362
0
_a
1899
440
1
_a
Moderna
697
_a
J/ADOLESCENTE, NAMORO
942
_c
BK
999
_c
167200
_d
167200